Exact solutions of Eintein`s field equations

Guardat en:
Dades bibliogràfiques
Autors principals: Stephani, Hans (Autor), Kramer, Dietrich (Autor), MacCallum, Malcolm (Autor), Hoenselaers, Cornelius (Autor), Herlt, Eduard (Autor)
Format: Llibre
Idioma:anglès
Publicat: Cambridge University of Cambridge 2003
Edició:1a. ed
Col·lecció:Cambridge Monographs on Mathematical Physics
Matèries:
Etiquetes: Afegir etiqueta
Sense etiquetes, Sigues el primer a etiquetar aquest registre!

MARC

LEADER 00000nam a2200000 a 4500
001 UCL8262
003 CL-VaPUC
008 040618e20030000uk |||||||||||||||||eng|d
020 |a 0521461367 
082 0 4 |a 530.11  |b STE  |2 21 
100 0 |a Stephani, Hans  |e author  |9 486159 
700 0 |a Kramer, Dietrich  |e author  |9 486160 
700 0 |a MacCallum, Malcolm  |e author  |9 486161 
700 0 |a Hoenselaers, Cornelius  |e author  |9 486162 
700 0 |a Herlt, Eduard  |e author  |9 486163 
245 1 0 |a Exact solutions of Eintein`s field equations 
250 |a 1a. ed 
300 |a 701 p 
942 |c BK 
945 |d 20040618 00:00:00  |a cmena 
260 |a Cambridge  |b University of Cambridge  |c 2003 
650 0 |a Teoría de la relatividad   |9 266149 
650 0 |a Ondas  |9 260165 
650 0 |a Física teórica  |9 345827 
650 0 |a Física matemática   |9 260981 
583 |a last modification  |c 20171220 05:57:38  |k Rodrigo Vera 
490 0 |a Cambridge Monographs on Mathematical Physics 
999 |c 309619  |d 309617 
952 |0 0  |1 0  |4 0  |6 530_110000000000000_STE_2003  |7 0  |8 A  |9 377240  |a BIBCUR  |b BIBCUR  |d 2019-11-21  |i 4026535  |o 530.11 STE 2003  |p 4026535  |r 2025-04-22  |w 2019-11-21  |y BK  |k FIS